000 00969nam a2200289 c 4500
003 BLK
005 20230813003912.0
008 180411b bul|||||r ||||||| ||bul||
010 _aKNG00191982000
040 _aBLK
041 _aBUL
_cBUL
080 _aБългарска литература
_b821.163.2
_x-1
_z821.163.2-1
100 1 _aГерманов, Андрей Димитров
_d1932-1981
_953612
139 _aГерманов, Андрей Димитров
_bГ 40
245 1 0 _aРавноденствие
_bСтихове
_cАндрей Димитров Германов.
257 _aBGR
260 София
_bБълг. писател
_c1965
300 _a96 с.
_c18 см
380 _aX
500 _a2 600 тир.
852 _aЦб І 7989
856 4 _qpdf
_u
856 4 _qpdf
_u
942 _cKNG
_n0
944 _aCR
_c07.10.2016
_k
_lCRON CRON
944 _aED
_c07.10.2016
_kКина_Георгиева
999 _c183056
_d183056